La justice négociée dans la corruption transnationale: entre transparence et confidentialité = Negotiated justice in transnational corruption : between transparency and confidentiality
| Corporate Author: | |
|---|---|
| Contributors: | ; |
| Format: | Print Book |
| Language: | English French |
| Published: |
Bâle
Helbing Lichtenhahn
[2024]
Neuchatêl CEMAJ, Faculté de droit de l'Université de Neuchâtel [2024] |
| In: | Year: 2024 |
| Online Access: |
Inhaltstext (Publisher) Table of Contents |
| Check availability: | HBZ Gateway |
| Book acquisition: | Place book order |
| Subito Delivery Service: | Order now. |
| Keywords: |
MARC
| LEADER | 00000cam a2200000 c 4500 | ||
|---|---|---|---|
| 001 | 1880269872 | ||
| 003 | DE-627 | ||
| 005 | 20250218173027.0 | ||
| 007 | tu | ||
| 008 | 240207s2024 sz ||||| 00| ||eng c | ||
| 010 | |a 2024412404 | ||
| 015 | |a 24,N06 |2 dnb | ||
| 016 | 7 | |a 1318229391 |2 DE-101 | |
| 020 | |a 9783719048198 |c Broschur : : EUR 80.00 (DE), EUR 80.00 (AT), CHF 72.00 (freier Preis) |9 978-3-7190-4819-8 | ||
| 020 | |a 3719048195 |9 3-7190-4819-5 | ||
| 024 | 3 | |a 9783719048198 | |
| 035 | |a (DE-627)1880269872 | ||
| 035 | |a (DE-599)DNB1318229391 | ||
| 035 | |a (OCoLC)1435156570 | ||
| 040 | |a DE-627 |b ger |c DE-627 |e rda | ||
| 041 | |a eng |a fre | ||
| 044 | |c XA-CH | ||
| 050 | 0 | |a KZ7000 | |
| 082 | 0 | 4 | |a 340 |q DE-101 |
| 084 | |a INTRECHT |q DE-1a |2 fid | ||
| 084 | |a 86.42 |2 bkl | ||
| 245 | 0 | 3 | |a La justice négociée dans la corruption transnationale |b entre transparence et confidentialité = Negotiated justice in transnational corruption : between transparency and confidentiality |c Nadja Capus, Franziska Hohl Zürcher (Édit./Eds.) |
| 246 | 3 | 1 | |a Negotiated justice in transnational corruption |b between transparency and confidentiality |
| 264 | 1 | |a Bâle |b Helbing Lichtenhahn |c [2024] | |
| 264 | 1 | |a Neuchatêl |b CEMAJ, Faculté de droit de l'Université de Neuchâtel |c [2024] | |
| 300 | |a XIV, 316 Seiten |b Illustrationen, Diagramme |c 22.5 cm x 11.5 cm, 582 g | ||
| 336 | |a Text |b txt |2 rdacontent | ||
| 337 | |a ohne Hilfsmittel zu benutzen |b n |2 rdamedia | ||
| 338 | |a Band |b nc |2 rdacarrier | ||
| 490 | 0 | |a UNINE | |
| 650 | 0 | |a Transnational Crime |x Law and legislation |2 DLC | |
| 650 | 0 | |a International crimes |x Law and legislation |2 DLC | |
| 689 | 0 | 0 | |d s |0 (DE-588)4162101-3 |0 (DE-627)105465046 |0 (DE-576)209871008 |a Internationales Strafrecht |2 gnd |
| 689 | 0 | 1 | |d s |0 (DE-588)4032524-6 |0 (DE-627)104704799 |0 (DE-576)208997288 |a Korruption |2 gnd |
| 689 | 0 | 2 | |d s |0 (DE-588)4183472-0 |0 (DE-627)105302465 |0 (DE-576)210018860 |a Strafjustiz |2 gnd |
| 689 | 0 | 3 | |d s |0 (DE-588)4057803-3 |0 (DE-627)106149431 |0 (DE-576)209123753 |a Strafverfolgung |2 gnd |
| 689 | 0 | 4 | |d s |0 (DE-588)4185917-0 |0 (DE-627)105283649 |0 (DE-576)210035714 |a Transparenz |2 gnd |
| 689 | 0 | 5 | |d s |0 (DE-588)4188096-1 |0 (DE-627)104695935 |0 (DE-576)210050489 |a Vertraulichkeit |2 gnd |
| 689 | 0 | |5 (DE-627) | |
| 700 | 1 | |a Capus, Nadja |d 1971- |e HerausgeberIn |0 (DE-588)105780729X |0 (DE-627)795245610 |0 (DE-576)184555205 |4 edt | |
| 700 | 1 | |a Hohl Zürcher, Franziska |e HerausgeberIn |0 (DE-627)1490380574 |0 (DE-576)420380574 |4 edt | |
| 710 | 2 | |a Helbing & Lichtenhahn |e Verlag |0 (DE-588)5346445-X |0 (DE-627)305905783 |0 (DE-576)197478980 |4 pbl | |
| 856 | 4 | 2 | |u https://swbplus.bsz-bw.de/bsz1880269872inh.htm |m V:DE-576 |m B:DE-Frei85 |v 20240412193103 |3 Inhaltsverzeichnis |7 1 |
| 856 | 4 | 2 | |u http://deposit.dnb.de/cgi-bin/dokserv?id=9105f71df94f48a288a1b22be446835e&prov=M&dok_var=1&dok_ext=htm |m X:MVB |q text/html |x Verlag |3 Inhaltstext |7 1 |
| 935 | |a mkri | ||
| 936 | b | k | |a 86.42 |j Strafrecht: Sonstiges |q DA-3 |0 (DE-627)10641352X |
| 951 | |a BO | ||
| ELC | |b 1 | ||
| LOK | |0 000 xxxxxcx a22 zn 4500 | ||
| LOK | |0 001 4487405912 | ||
| LOK | |0 003 DE-627 | ||
| LOK | |0 004 1880269872 | ||
| LOK | |0 005 20240328113940 | ||
| LOK | |0 008 240219||||||||||||||||ger||||||| | ||
| LOK | |0 040 |a DE-Frei85 |c DE-627 |d DE-Frei85 | ||
| LOK | |0 852 |a DE-Frei85 | ||
| LOK | |0 852 1 |m p |9 00 | ||
| LOK | |0 938 |k p | ||
| LOK | |0 939 |a 19-02-24 |b l01 | ||
| ORI | |a SA-MARC-krimdoka001.raw | ||
| PDA | |a yes | ||
